Cliquez sur les villes de France en images - Mort subite - Statistiques

Statistiques générales
  • Ce quiz a été pris 2 724 fois
    713 depuis la dernière actualisation
  • Le résultat moyen est 4 sur 14
Answers on the Grid
Answers color-coded by a green-red scale on the quiz's grid according to % correct below.
 
Statistiques - réponses
Réponse % Correct
Paris
81%
Avignon
37%
Morlaix
37%
Nancy
35%
Lyon
33%
Angers
33%
Grenoble
31%
Amiens
27%
Bayonne
27%
Toulouse
23%
Lille
23%
Perpignan
21%
Arles
21%
Menton
18%
Aucun quiz correspondant
Distribution des résultats
% des personnes avec chaque résultat
Percentile par nombre de réponses
Votre historique - résultats
Vous n’avez pas pris ce quiz depuis la dernière actualisation